000 00615nam a2200217Ii 4500
001 674
003 CO-ViMGA
008 241108s9999||||xx |||||||||||||| ||und||
020 _a8420633151
040 _aCO-ViMGA
_bspa
_erda
_cCO-ViMGA
041 0 _aspa
084 _aC BOR2
100 1 _aJorge Luis Borges
_948801
245 1 0 _aHistoria de la eternidad
264 1 _a[Lugar de publicación no identificado] : Alianza, 2002
300 _avolumen
336 _atext
_btxt
_2rdacontent
337 _aunmediated
_bn
_2rdamedia
338 _avolume
_bnc
_2rdacarrier
940 _aidficha_siabuc: 659. -- ficha_no_siabuc:674
999 _c43443
_d43443